Statistics for Countries That Have Changed Their Names

Click here to take the quiz!

General Stats

  • This quiz has been taken 88 times
  • The average score is 8 of 10

Answer Stats

Old NameCountry% Correct
Irish Free StateIreland
96%
HollandNetherlands
96%
PersiaIran
89%
BurmaMyanmar
88%
SwazilandEswatini
85%
Czech RepublicCzechia
83%
SiamThailand
81%
CeylonSri Lanka
77%
RhodesiaZimbabwe
77%
Democratic KampucheaCambodia
69%

Score Distribution

Percentile by Number Answered

Percent of People with Each Score

Your Score History

You have not taken this quiz